Pascal et Leibniz: Étude sur deux types de penseurs

Gorde:
Xehetasun bibliografikoak
Egile nagusia: Guitton, Jean (Egilea)
Formatua: Liburua
Hizkuntza:frantsesa
Argitaratua: París Aubier 1951
Saila:Philosophie de l'Esprit
Gaiak:
Etiketak: Etiketa erantsi
Etiketarik gabe, Izan zaitez lehena erregistro honi etiketa jartzen!

MARC

LEADER 00000nam a2200000 a 4500
001 UCZ4725
003 CL-VaPUC
008 951110e19510000FR |||||||||||||||||fre|d
082 0 4 |a 111  |b GUI  |2 21 
100 |a Guitton, Jean  |e author  |9 597295 
245 1 0 |a Pascal et Leibniz: Étude sur deux types de penseurs 
300 |a 181 p 
942 |c BK 
945 |d 19951110 00:00:00  |a lriquelm 
260 |a París  |b Aubier  |c 1951 
650 0 |a Monadología   |9 268988 
650 0 |a Ontología   |9 256850 
650 0 |a Metafísica  |9 265649 
650 0 |a Filosofía del espíritu  |9 320175 
650 0 |a Filosofía francesa   |9 255698 
650 0 |a Filosofía alemana   |9 265002 
583 |a last modification  |c 19951110 00:00:00  |k Rodrigo Vera 
490 0 |a Philosophie de l'Esprit 
999 |c 241092  |d 241090 
952 |0 0  |1 0  |4 0  |6 111_000000000000000_GUI_1951  |7 0  |8 P  |9 253247  |a BIBEDU  |b BIBEDU  |c BIBEDU_PB  |d 2019-11-19  |i 159771K  |o 111 GUI 1951  |p 159771K  |r 2024-01-25  |w 2019-11-19  |y BK  |k FIL